[Event "EU-ch Blitz"]
[Site "Skopje"]
[Date "2024.12.09"]
[Round "6"]
[White "Veljanoski, Andrej"]
[Black "Pezelj, Sinisa"]
[Result "1-0"]
[WhiteElo "2304"]
[BlackElo "2201"]
[PlyCount "87"]
[EventDate "2024.12.09"]
[EventType "swiss (blitz)"]
[EventRounds "13"]
[EventCountry "MKD"]
[SourceTitle "CB50_2024"]
[SourceDate "2024.11.01"]
[SourceVersion "1"]
[SourceVersionDate "2024.11.01"]
[SourceQuality "2"]

1. e4 d5 2. exd5 Qxd5 3. Nc3 Qa5 4. Bc4 Nf6 5. d3 c6 6. Qe2 Bf5 7. Nf3 e6 8. Bd2 Qc7 9. 0-0-0 Nbd7 10. Bb3 0-0-0 11. Kb1 Bd6 12. h3 h5 13. Ne4 Bf4 14. Bc3 Rhg8 15. g3 Bd6 16. Nxd6+ Qxd6 17. Ne5 Qe7 18. g4 Nxe5 19. gxf5 Ned7 20. fxe6 fxe6 21. Qxe6 Qc5 22. d4 Qg5 23. Qe2 Rge8 24. Qf3 Ne4 25. a4 Ndf6 26. Rhg1 Qh6 27. Ba5 b6 28. Bc3 Kb7 29. a5 Nd5 30. Bxd5 cxd5 31. axb6 axb6 32. Qe3 Qxe3 33. fxe3 Nxc3+ 34. bxc3 Rxe3 35. Rxg7+ Ka6 36. Rd3 Re1+ 37. Kb2 Kb5 38. Rg5 Kc4 39. Rg6 Ra8 40. Rxb6 Ra4 41. Rb4+ Rxb4+ 42. cxb4 Kxb4 43. Rc3 Re4 44. Rc8 1-0

[Event "EU-ch Rapid"]
[Site "Skopje"]
[Date "2024.12.07"]
[Round "3"]
[White "Cvitan, Ognjen"]
[Black "Pezelj, Sinisa"]
[Result "1-0"]
[WhiteElo "2413"]
[BlackElo "2201"]
[PlyCount "99"]
[EventDate "2024.12.07"]
[EventType "swiss (rapid)"]
[EventRounds "11"]
[EventCountry "MKD"]
[SourceTitle "CB50_2024"]
[SourceDate "2024.11.01"]
[SourceVersion "1"]
[SourceVersionDate "2024.11.01"]
[SourceQuality "2"]

1. d4 e6 2. e4 d5 3. exd5 exd5 4. Nf3 Nf6 5. Bd3 Bg4 6. 0-0 Be7 7. Re1 0-0 8. Bg5 h6 9. Bh4 Nbd7 10. Nbd2 c5 11. c3 Re8 12. h3 Be6 13. dxc5 Nxc5 14. Bb5 Bd7 15. Bxd7 Nfxd7 16. Bxe7 Rxe7 17. Rxe7 Qxe7 18. Nb3 Nf6 19. Nxc5 Qxc5 20. Qb3 b6 21. Re1 Re8 22. Rxe8+ Nxe8 23. Qa4 Qe7 24. Qf4 Nf6 25. Qe5 Qxe5 26. Nxe5 Ne4 27. Nc6 Kf8 28. Nxa7 Nc5 29. Nb5 Ke7 30. b3 Nd3 31. Nd4 g6 32. Kf1 Nc1 33. Ke1 Nd3+ 34. Ke2 Ne5 35. Ke3 Kd6 36. g4 Nd7 37. f3 Nc5 38. h4 Ke5 39. Nc6+ Kd6 40. Nb4 b5 41. Nc2 Nd7 42. Nb4 Nc5 43. Nd3 Nd7 44. Nf4 Ke5 45. h5 g5 46. Ne2 f5 47. Nd4 f4+ 48. Ke2 b4 49. Nc6+ Kd6 50. Nxb4 1-0

[Event "Solta Amateur op"]
[Site "Grohote"]
[Date "2018.06.27"]
[Round "5"]
[White "Basaric, Srdjan"]
[Black "Pezelj, Sinisa"]
[Result "1/2-1/2"]
[WhiteElo "2094"]
[BlackElo "2248"]
[PlyCount "30"]
[EventDate "2018.06.24"]
[EventType "swiss"]
[EventRounds "9"]
[EventCountry "CRO"]
[SourceTitle "CBM 185 Extra"]
[Source "ChessBase"]
[SourceDate "2018.07.29"]
[SourceVersion "1"]
[SourceVersionDate "2018.07.29"]
[SourceQuality "1"]

1. e4 e6 2. d3 d5 3. Nd2 c5 4. Ngf3 Nc6 5. g3 Nf6 6. Bg2 Be7 7. 0-0 0-0 8. Re1 Rb8 9. e5 Nd7 10. Nf1 b5 11. h4 Bb7 12. N1h2 Re8 13. Bf4 Nf8 14. h5 h6 15. Ng4 Nh7 1/2-1/2

[Event "Solta Amateur op"]
[Site "Grohote"]
[Date "2018.06.26"]
[Round "4"]
[White "Pezelj, Sinisa"]
[Black "Muha, Miljenko"]
[Result "0-1"]
[WhiteElo "2248"]
[BlackElo "2362"]
[PlyCount "114"]
[EventDate "2018.06.24"]
[EventType "swiss"]
[EventRounds "9"]
[EventCountry "CRO"]
[SourceTitle "CBM 185 Extra"]
[Source "ChessBase"]
[SourceDate "2018.07.29"]
[SourceVersion "1"]
[SourceVersionDate "2018.07.29"]
[SourceQuality "1"]

1. Nf3 d5 2. g3 c6 3. Bg2 Bg4 4. 0-0 e6 5. d4 Nd7 6. Nbd2 Ngf6 7. c4 Be7 8. h3 Bh5 9. cxd5 cxd5 10. Ne5 Qb6 11. Nb3 a5 12. g4 Bg6 13. g5 Ne4 14. Nxd7 Kxd7 15. Bxe4 Bxe4 16. Be3 Bf5 17. Nc5+ Ke8 18. Kg2 Qxb2 19. Na4 Qc2 20. Nc5 b6 21. Qxc2 Bxc2 22. Rfc1 Bf5 23. Na4 b5 24. Nb6 Rb8 25. Rc6 f6 26. Rac1 Kf7 27. Nc8 Ba3 28. Rc7+ Kg6 29. R1c6 fxg5 30. Nb6 Rbe8 31. Nd7 Kh5 32. Ne5 Re7 33. Bxg5 Rxc7 34. Rxc7 Bd6 35. Rxg7 Bf8 36. Ra7 Rg8 37. h4 h6 38. Nd7 Be7 39. Nc5 Bf6 40. Nd7 Bd8 41. Ra8 hxg5 42. Nf6+ Bxf6 43. Rxg8 gxh4 44. e3 a4 45. Rb8 Bd3 46. Rb6 Bc4 47. Rxe6 Kg6 48. Rb6 Bxa2 49. Rxb5 a3 50. Ra5 Be7 51. Ra7 Kf7 52. f3 Bc4 53. e4 a2 54. e5 Ke6 55. Kh3 Bb4 56. Kg4 Bc3 57. f4 Bxd4 0-1

[Event "SRB-chT2 East"]
[Site "Serbia"]
[Date "2017.10.08"]
[Round "11.3"]
[White "Livaja, Mario"]
[Black "Pezelj, Sinisa"]
[Result "1-0"]
[WhiteElo "2314"]
[BlackElo "2273"]
[PlyCount "103"]
[EventDate "2017.09.08"]
[EventType "team-tourn"]
[EventRounds "11"]
[EventCountry "SRB"]
[SourceTitle "EXT 2022"]
[Source "ChessBase"]
[SourceDate "2021.10.06"]
[SourceVersion "1"]
[SourceVersionDate "2021.10.06"]
[SourceQuality "1"]

1. d4 e6 2. c4 d5 3. Nc3 Nf6 4. Nf3 Nbd7 5. Bg5 Be7 6. e3 h6 7. Bh4 0-0 8. Qc2 b6 9. cxd5 exd5 10. Bd3 c5 11. 0-0 Bb7 12. Rad1 Rc8 13. Bf5 cxd4 14. exd4 Ne4 15. Bxe7 Qxe7 16. Ne5 Nxe5 17. Bxc8 Rxc8 18. dxe5 Qxe5 19. Qe2 Qg5 20. Nxe4 dxe4 21. Qd2 Qg6 22. Rc1 Rf8 23. Qd7 Ba6 24. Rfe1 f5 25. Qxa7 Bd3 26. Qd7 f4 27. Rc6 Qg5 28. Rc8 Rxc8 29. Qxc8+ Kh7 30. a3 f3 31. g3 Qa5 32. Re3 Be2 33. Rc3 Qd5 34. h3 Bb5 35. Rc1 Bd7 36. Qc4 Qe5 37. Re1 Bf5 38. Qc3 Qb5 39. Qd4 Qc6 40. Qe5 Be6 41. h4 h5 42. g4 Qc8 43. gxh5 Qc4 44. Qg3 Qd5 45. Qg5 Qxg5+ 46. hxg5 Bf5 47. Rc1 g6 48. hxg6+ Kxg6 49. Rc7 Kxg5 50. Rg7+ Kf4 51. Rc7 b5 52. Kf1 1-0

[Event "SRB-chT2 East"]
[Site "Serbia"]
[Date "2017.10.07"]
[Round "9.5"]
[White "Golubovic, Zoran"]
[Black "Pezelj, Sinisa"]
[Result "1-0"]
[WhiteElo "2274"]
[BlackElo "2273"]
[PlyCount "91"]
[EventDate "2017.09.08"]
[EventType "team-tourn"]
[EventRounds "11"]
[EventCountry "SRB"]
[SourceTitle "EXT 2022"]
[Source "ChessBase"]
[SourceDate "2021.10.06"]
[SourceVersion "1"]
[SourceVersionDate "2021.10.06"]
[SourceQuality "1"]

1. d4 e6 2. c4 f5 3. Nc3 Nf6 4. g3 Be7 5. Bg2 0-0 6. Nf3 Ne4 7. Qc2 d5 8. 0-0 c6 9. Rb1 a5 10. a3 Bd7 11. Ne5 Be8 12. c5 Nd7 13. Nxd7 Bxd7 14. Na4 Qe8 15. f3 Nf6 16. Bf4 Nh5 17. Bc7 Bd8 18. Bxd8 Rxd8 19. f4 g5 20. Qd2 gxf4 21. gxf4 Qe7 22. Qxa5 Qh4 23. Qe1 Qg4 24. Qf2 Kh8 25. Kh1 Rg8 26. Bf3 Qh3 27. Bxh5 Qxh5 28. Rg1 Rg4 29. Nb6 e5 30. Nxd7 Rxd7 31. dxe5 Rdg7 32. b4 d4 33. Rxg4 fxg4 34. Qg3 Qf5 35. Rf1 Qe4+ 36. Kg1 Qxe2 37. f5 d3 38. f6 Rd7 39. Re1 Qb2 40. Qxg4 d2 41. Rf1 d1Q 42. Rxd1 Rxd1+ 43. Qxd1 Kg8 44. Qd7 Qc1+ 45. Kg2 Qg5+ 46. Kf3 1-0

[Event "SRB-chT2 East"]
[Site "Serbia"]
[Date "2017.09.10"]
[Round "5.6"]
[White "Pezelj, Sinisa"]
[Black "Dmitrovic, Tomislav"]
[Result "0-1"]
[WhiteElo "2273"]
[BlackElo "2273"]
[PlyCount "86"]
[EventDate "2017.09.08"]
[EventType "team-tourn"]
[EventRounds "11"]
[EventCountry "SRB"]
[SourceTitle "EXT 2022"]
[Source "ChessBase"]
[SourceDate "2021.10.06"]
[SourceVersion "1"]
[SourceVersionDate "2021.10.06"]
[SourceQuality "1"]

1. Nf3 g6 2. g3 Bg7 3. Bg2 Nf6 4. c4 c6 5. 0-0 d5 6. d4 0-0 7. cxd5 cxd5 8. Nc3 Ne4 9. Ng5 Nxc3 10. bxc3 h6 11. Nh3 g5 12. f4 g4 13. Nf2 f5 14. Qb3 e6 15. Ba3 Re8 16. Nd3 Nc6 17. Bb4 b6 18. Ne5 Nxe5 19. dxe5 Ba6 20. Qc2 Qd7 21. Rad1 Rac8 22. Rf2 Bb5 23. Qd2 Qc6 24. Rc1 Bf8 25. Bxf8 Rxf8 26. e3 Rf7 27. h3 h5 28. hxg4 hxg4 29. Bf1 Bxf1 30. Kxf1 Rh7 31. Rh2 Qc4+ 32. Ke1 Rcc7 33. Rc2 Rxh2 34. Qxh2 Rh7 35. Qe2 Rh1+ 36. Kd2 b5 37. Qg2 Rf1 38. a4 bxa4 39. Qe2 a3 40. Qh2 a2 41. Rb2 Rd1+ 42. Kxd1 a1Q+ 43. Kc2 Qe4+ 0-1

[Event "Vojvodina-ch 6th"]
[Site "Novi Sad"]
[Date "2015.07.26"]
[Round "4"]
[White "Pezelj, Sinisa"]
[Black "Kozomora, Dragan"]
[Result "0-1"]
[WhiteElo "2253"]
[BlackElo "2094"]
[PlyCount "214"]
[EventDate "2015.07.25"]
[EventType "swiss"]
[EventRounds "9"]
[EventCountry "YUG"]
[SourceTitle "CBM 167 Extra"]
[Source "ChessBase"]
[SourceDate "2015.09.14"]
[SourceVersion "1"]
[SourceVersionDate "2015.09.14"]
[SourceQuality "1"]

1. Nf3 d5 2. g3 Nf6 3. Bg2 c6 4. 0-0 Bf5 5. b3 e6 6. Bb2 Nbd7 7. d3 h6 8. Re1 Be7 9. Nbd2 0-0 10. c4 a5 11. cxd5 exd5 12. e4 Bg6 13. e5 Ne8 14. d4 Nc7 15. Nf1 Ne6 16. Ne3 Qb6 17. Re2 Rfe8 18. Ne1 Bh5 19. Bf3 Bg6 20. Bg4 Ndf8 21. f4 Be4 22. f5 Ng5 23. h4 Ngh7 24. Bf3 Bxf3 25. Nxf3 Nd7 26. Ng4 Bf8 27. Qd2 c5 28. dxc5 Qc6 29. Rd1 Bxc5+ 30. Kg2 Nb6 31. f6 h5 32. Ne3 g6 33. Rc1 Qb5 34. a4 Qb4 35. Nxd5 Qxd2 36. Rxd2 Nxd5 37. Rxd5 b6 38. Rd7 Nxf6 39. Rd3 Ng4 40. Re1 Rad8 41. Rxd8 Rxd8 42. e6 Ne3+ 43. Kh3 fxe6 44. Ne5 Nf5 45. Nxg6 Rd2 46. Bc1 Rd3 47. Bf4 Bf2 48. Rxe6 Bxg3 49. Ne5 Rxb3 50. Rg6+ Kh7 51. Bxg3 Re3 52. Rg5 Nxg3 53. Kg2 Ne4 54. Rxh5+ Kg7 55. Rf5 Rg3+ 56. Kh2 Rb3 57. Rf7+ Kh6 58. Rb7 Nc5 59. Rc7 Nxa4 60. Nc4 Rb4 61. Kg3 Nb2 62. Ne5 a4 63. Ng4+ Kg6 64. Rc6+ Kf7 65. h5 Nd3 66. Rc7+ Kf8 67. h6 Rb3 68. Kh4 Nf4 69. Rc8+ Kf7 70. Rc7+ Ke6 71. Kg5 Kd6 72. Rc1 Ne6+ 73. Kh4 Rf3 74. Rc4 b5 75. Rb4 Kc5 76. Re4 Nf8 77. Ne5 Rf1 78. Nd3+ Kd5 79. Rb4 Kc6 80. Rb2 Rf5 81. Kg4 Rf6 82. Kg5 Nh7+ 83. Kh5 Rd6 84. Ne5+ Kc5 85. Rc2+ Kb4 86. Rc6 Rd5 87. Kg6 Rxe5 88. Kxh7 Rh5 89. Kg7 a3 90. h7 Rxh7+ 91. Kxh7 a2 92. Ra6 Kb3 93. Kg6 Kb2 94. Rb6 a1Q 95. Rxb5+ Kc3 96. Rf5 Kd4 97. Kf6 Ke4+ 98. Kg6 Qg1+ 99. Rg5 Qb6+ 100. Kf7 Qc7+ 101. Ke6 Qc6+ 102. Kf7 Kf4 103. Rh5 Kg4 104. Re5 Qd7+ 105. Kf6 Kf4 106. Rh5 Qd6+ 107. Kf7 Kg4 0-1

[Event "Osijek op"]
[Site "Osijek"]
[Date "2015.03.07"]
[Round "5"]
[White "Pezelj, Sinisa"]
[Black "Ascic, Jozo"]
[Result "1-0"]
[WhiteElo "2191"]
[BlackElo "1926"]
[PlyCount "63"]
[EventDate "2015.03.05"]
[EventType "swiss"]
[EventRounds "7"]
[EventCountry "CRO"]
[SourceTitle "CBM 165 Extra"]
[Source "ChessBase"]
[SourceDate "2015.04.21"]
[SourceVersion "1"]
[SourceVersionDate "2015.04.21"]
[SourceQuality "1"]

1. Nf3 Nf6 2. c4 c5 3. e3 d6 4. d4 cxd4 5. exd4 g6 6. Bd3 Bg7 7. 0-0 0-0 8. Nc3 b6 9. Bg5 Bb7 10. Qd2 Bxf3 11. gxf3 Nbd7 12. f4 e6 13. d5 Nc5 14. dxe6 fxe6 15. Be2 Qd7 16. Bf3 Rad8 17. Rad1 a6 18. Rfe1 Rfe8 19. b4 Nb7 20. Ne4 Nxe4 21. Bxe4 Rc8 22. Qd3 Bf8 23. Re3 a5 24. a3 axb4 25. axb4 Rc7 26. Rde1 Bg7 27. Bd5 Nd8 28. f5 gxf5 29. Qxf5 Qf7 30. Rxe6 Nxe6 31. Rxe6 Rf8 32. Rxd6 1-0

[Event "Osijek op"]
[Site "Osijek"]
[Date "2015.03.06"]
[Round "4"]
[White "Leventic, Ivan"]
[Black "Pezelj, Sinisa"]
[Result "1-0"]
[WhiteElo "2445"]
[BlackElo "2191"]
[PlyCount "39"]
[EventDate "2015.03.05"]
[EventType "swiss"]
[EventRounds "7"]
[EventCountry "CRO"]
[SourceTitle "CBM 165 Extra"]
[Source "ChessBase"]
[SourceDate "2015.04.21"]
[SourceVersion "1"]
[SourceVersionDate "2015.04.21"]
[SourceQuality "1"]

1. e4 e6 2. d4 d5 3. Nd2 dxe4 4. Nxe4 Nf6 5. Nxf6+ gxf6 6. Nf3 b6 7. g3 Bb7 8. Bg2 Nc6 9. 0-0 Qd7 10. c4 0-0-0 11. Be3 f5 12. Qa4 Bg7 13. Rad1 f4 14. gxf4 Rhg8 15. d5 exd5 16. cxd5 Ne7 17. Qxa7 Nxd5 18. Ng5 Qb5 19. a4 Qb3 20. Bh3+ 1-0

[Event "CRO-chT2"]
[Site "Bol"]
[Date "2013.09.19"]
[Round "6.3"]
[White "Pezelj, Sinisa"]
[Black "Dutina, Dario"]
[Result "1-0"]
[WhiteElo "2218"]
[BlackElo "2294"]
[PlyCount "83"]
[EventDate "2013.09.14"]
[EventType "team-tourn"]
[EventRounds "9"]
[EventCountry "CRO"]
[SourceTitle "CBM 156 Extra"]
[Source "ChessBase"]
[SourceDate "2013.10.22"]
[SourceVersion "1"]
[SourceVersionDate "2013.10.22"]
[SourceQuality "1"]
[WhiteTeam "Pula"]
[BlackTeam "Sesvete"]
[WhiteTeamCountry "CRO"]
[BlackTeamCountry "CRO"]

1. e4 e5 2. Nf3 Nc6 3. d4 exd4 4. Nxd4 Nf6 5. Nxc6 bxc6 6. Bd3 Bc5 7. 0-0 d6 8. h3 h6 9. Nc3 0-0 10. Na4 Bb6 11. Nxb6 axb6 12. f4 c5 13. e5 dxe5 14. fxe5 Qd4+ 15. Kh1 Ne4 16. Qe1 Bb7 17. Rf4 f5 18. exf6 Rae8 19. Be3 Qd5 20. Bxe4 Rxe4 21. Qg3 Rxf6 22. Rxf6 Rxe3 23. Rf3 Rxf3 24. Qxf3 Qxf3 25. gxf3 Bxf3+ 26. Kh2 Bd5 27. a4 c6 28. b3 Kf7 29. Kg3 Ke6 30. Re1+ Kd6 31. Re8 g6 32. Kf4 Be6 33. h4 Bf5 34. Re2 Bd7 35. Rd2+ Ke6 36. c3 Ke7 37. Ke5 g5 38. h5 Bg4 39. Rd6 Bxh5 40. Rxc6 Bf7 41. Rxb6 h5 42. a5 1-0

[Event "Opatija op-A"]
[Site "Opatija"]
[Date "2013.07.03"]
[Round "5"]
[White "Fradkin, Boris"]
[Black "Pezelj, Sinisa"]
[Result "1-0"]
[WhiteElo "2426"]
[BlackElo "2172"]
[PlyCount "85"]
[EventDate "2013.06.29"]
[EventType "swiss"]
[EventRounds "9"]
[EventCountry "CRO"]
[SourceTitle "CBM 155 Extra"]
[Source "ChessBase"]
[SourceDate "2013.08.26"]
[SourceVersion "1"]
[SourceVersionDate "2013.08.26"]
[SourceQuality "1"]

1. Nf3 e6 2. g3 Nf6 3. c4 b6 4. Bg2 Bb7 5. 0-0 Be7 6. Nc3 0-0 7. d4 d5 8. Ne5 Nbd7 9. Qa4 c6 10. Rd1 Qc7 11. Bf4 Bd6 12. cxd5 exd5 13. Nd3 Rfe8 14. Rac1 Bxf4 15. Nxf4 Qd6 16. Qc2 Rac8 17. Bh3 Re7 18. e3 Rd8 19. Nd3 Ne4 20. Nxe4 dxe4 21. Nf4 Nf6 22. Bg2 Rde8 23. Qc4 g5 24. Ne2 Kg7 25. b4 h5 26. Nc3 h4 27. b5 hxg3 28. hxg3 Ng4 29. bxc6 Bxc6 30. d5 Bd7 31. Qd4+ Nf6 32. a4 Bg4 33. Nb5 Qd8 34. Rd2 a6 35. d6 Rd7 36. Nc7 Rh8 37. Qxb6 Qg8 38. Qc5 Rh5 39. Qe5 Bf3 40. Nd5 Rxd6 41. Nxf6 Rxf6 42. Rc6 Rhh6 43. Rxf6 1-0

[Event "Pula op 27th"]
[Site "Pula"]
[Date "2013.06.15"]
[Round "9"]
[White "Pezelj, Sinisa"]
[Black "Danner, Georg"]
[Result "1-0"]
[WhiteElo "2172"]
[BlackElo "2329"]
[PlyCount "75"]
[EventDate "2013.06.08"]
[EventType "swiss"]
[EventRounds "9"]
[EventCountry "CRO"]
[SourceTitle "CBM 154 Extra"]
[Source "ChessBase"]
[SourceDate "2013.06.25"]
[SourceVersion "2"]
[SourceVersionDate "2013.06.25"]
[SourceQuality "1"]

1. c4 g6 2. d4 f5 3. Nc3 Bg7 4. g3 d6 5. Bg2 Nh6 6. Nf3 0-0 7. d5 c6 8. 0-0 e5 9. dxe6 Bxe6 10. Bg5 Qa5 11. Qxd6 Bxc4 12. Qf4 Nf7 13. Qxc4 b5 14. Qb3 Na6 15. Rad1 Nc5 16. Qc2 b4 17. Nb1 Ne4 18. Bc1 Qxa2 19. Nbd2 Nc3 20. Rde1 a5 21. Nb3 a4 22. Nbd4 Nb5 23. Nxc6 Bc3 24. Bd2 a3 25. Nxb4 Qxb2 26. Bxc3 Nxc3 27. Qxb2 axb2 28. Nd2 Ra1 29. Nd5 Nxd5 30. Bxd5 Rd8 31. e4 Ra4 32. f3 Kg7 33. Nb3 Ne5 34. Nc5 Rxd5 35. exd5 Rb4 36. Rxe5 b1Q 37. Rxb1 Rxb1+ 38. Kf2 1-0

[Event "Pula op 27th"]
[Site "Pula"]
[Date "2013.06.11"]
[Round "4"]
[White "Pezelj, Sinisa"]
[Black "Yrjola, Jouni"]
[Result "1-0"]
[WhiteElo "2172"]
[BlackElo "2366"]
[PlyCount "53"]
[EventDate "2013.06.08"]
[EventType "swiss"]
[EventRounds "9"]
[EventCountry "CRO"]
[SourceTitle "CBM 154 Extra"]
[Source "ChessBase"]
[SourceDate "2013.06.25"]
[SourceVersion "2"]
[SourceVersionDate "2013.06.25"]
[SourceQuality "1"]

1. Nf3 d6 2. d4 g6 3. c4 Bg7 4. e4 Nf6 5. Nc3 0-0 6. Be2 c5 7. d5 e6 8. dxe6 Bxe6 9. Bg5 Nc6 10. 0-0 h6 11. Bh4 Qa5 12. Qc2 Nh5 13. Nb5 g5 14. Nxg5 hxg5 15. Bxg5 Nf6 16. f4 Nh7 17. Bh4 f5 18. Nxd6 Nd4 19. Qd3 Qb6 20. e5 Qxb2 21. Bh5 b6 22. Be7 Rfb8 23. Rae1 Qc2 24. Qg3 a6 25. Bf6 Ra7 26. Bf7+ Rxf7 27. Nxf7 1-0

[Event "Pula op 27th"]
[Site "Pula"]
[Date "2013.06.10"]
[Round "3"]
[White "Schnider, Gert"]
[Black "Pezelj, Sinisa"]
[Result "0-1"]
[WhiteElo "2360"]
[BlackElo "2172"]
[PlyCount "90"]
[EventDate "2013.06.08"]
[EventType "swiss"]
[EventRounds "9"]
[EventCountry "CRO"]
[SourceTitle "CBM 154 Extra"]
[Source "ChessBase"]
[SourceDate "2013.06.25"]
[SourceVersion "2"]
[SourceVersionDate "2013.06.25"]
[SourceQuality "1"]

1. d4 Nf6 2. c4 e6 3. Nc3 Bb4 4. Qc2 0-0 5. a3 Bxc3+ 6. Qxc3 d6 7. g3 h6 8. Bg2 c5 9. Nf3 Nc6 10. 0-0 a6 11. Rd1 Qe7 12. dxc5 dxc5 13. Bf4 Ne8 14. Ne5 Nxe5 15. Qxe5 f6 16. Qc3 e5 17. Be3 Be6 18. Qa5 Rc8 19. b4 cxb4 20. axb4 Rf7 21. c5 f5 22. c6 e4 23. Bc5 Qc7 24. Qxc7 Rfxc7 25. cxb7 Rxb7 26. f3 Nf6 27. Rxa6 Bc4 28. Rxf6 gxf6 29. fxe4 Bxe2 30. Rd2 Bb5 31. e5 Bc6 32. exf6 Bxg2 33. Kxg2 Kf7 34. Be7 Rc3 35. Rd8 Ra7 36. Rd2 Ra4 37. Rf2 Kg6 38. b5 Rcc4 39. Rxf5 Kf7 40. Rf3 Ra2+ 41. Kh3 h5 42. Rf4 Raa4 43. Rf3 h4 44. Kg2 Rc2+ 45. Rf2 h3+ 0-1

[Event "Vojvodina-chT2"]
[Site "Vrbas"]
[Date "2011.09.30"]
[Round "9"]
[White "Pezelj, Sinisa"]
[Black "Skoko, Milan"]
[Result "1-0"]
[WhiteElo "2146"]
[BlackElo "2218"]
[PlyCount "119"]
[EventDate "2011.09.25"]
[EventType "team-tourn"]
[EventRounds "11"]
[EventCountry "SRB"]
[SourceTitle "CBM 144 Extra"]
[Source "ChessBase"]
[SourceDate "2011.10.28"]
[SourceVersion "1"]
[SourceVersionDate "2011.10.28"]
[SourceQuality "1"]

1. Nf3 f5 2. c4 Nf6 3. d4 g6 4. g3 Bg7 5. Bg2 0-0 6. 0-0 d6 7. Nc3 Nc6 8. d5 Na5 9. Qd3 c5 10. b3 a6 11. Bb2 Rb8 12. Nd2 Ng4 13. Nd1 b5 14. Bxg7 Kxg7 15. h3 Nf6 16. f4 bxc4 17. bxc4 e6 18. Nc3 exd5 19. Nxd5 Nxd5 20. Bxd5 Qf6 21. Rab1 Bd7 22. Nf3 Nc6 23. a3 Ne7 24. Bb7 a5 25. Rfd1 Ba4 26. Rd2 Rfd8 27. Rdb2 Bc6 28. Rb6 Bxf3 29. Bxf3 Rxb6 30. Rxb6 Qd4+ 31. Kf1 Qf6 32. Kg2 h5 33. h4 Qd4 34. Ra6 d5 35. Qxd4+ cxd4 36. c5 Rb8 37. Rxa5 Rb2 38. Kf1 Rb1+ 39. Kf2 Rc1 40. a4 d3 41. exd3 Rc2+ 42. Ke1 Nc6 43. Rb5 Nd4 44. Rb7+ Kf8 45. Bxd5 Rxc5 46. Bc4 Rc8 47. Rd7 Nf3+ 48. Ke2 Nh2 49. Rf7+ Ke8 50. Rg7 Rc5 51. Rxg6 Ke7 52. Re6+ Kd8 53. Rh6 Kc7 54. Rxh5 Kb6 55. Rh6+ Ka5 56. h5 Rc8 57. Rf6 Re8+ 58. Kd2 Kb4 59. Rb6+ Kxa4 60. Kc3 1-0

[Event "Vojvodina-chT2"]
[Site "Vrbas"]
[Date "2011.09.28"]
[Round "5"]
[White "Pezelj, Sinisa"]
[Black "Besedes, Danilo"]
[Result "1-0"]
[WhiteElo "2146"]
[BlackElo "1801"]
[PlyCount "53"]
[EventDate "2011.09.25"]
[EventType "team-tourn"]
[EventRounds "11"]
[EventCountry "SRB"]
[SourceTitle "CBM 144 Extra"]
[Source "ChessBase"]
[SourceDate "2011.10.28"]
[SourceVersion "1"]
[SourceVersionDate "2011.10.28"]
[SourceQuality "1"]

1. Nf3 d5 2. c4 e6 3. d4 Nf6 4. Nc3 Be7 5. Bg5 h6 6. Bh4 0-0 7. e3 b6 8. cxd5 Nxd5 9. Bg3 Bb7 10. Bd3 Nd7 11. 0-0 c5 12. Rc1 cxd4 13. exd4 Rc8 14. Bb1 Nxc3 15. bxc3 Ba3 16. Qd3 Nf6 17. Rce1 Be7 18. Bh4 g6 19. Rxe6 Ba6 20. Qxa6 fxe6 21. Bxg6 Rc7 22. Qe2 Kg7 23. Bb1 Qe8 24. Qxe6 Qf7 25. Qf5 Kg8 26. Ne5 Qh7 27. Qe6+ 1-0

[Event "Vojvodina-chT2"]
[Site "Vrbas"]
[Date "2011.09.27"]
[Round "4"]
[White "Tomin, Nenad"]
[Black "Pezelj, Sinisa"]
[Result "1/2-1/2"]
[WhiteElo "1820"]
[BlackElo "2146"]
[PlyCount "79"]
[EventDate "2011.09.25"]
[EventType "team-tourn"]
[EventRounds "11"]
[EventCountry "SRB"]
[SourceTitle "CBM 144 Extra"]
[Source "ChessBase"]
[SourceDate "2011.10.28"]
[SourceVersion "1"]
[SourceVersionDate "2011.10.28"]
[SourceQuality "1"]

1. e4 d5 2. exd5 Qxd5 3. Nf3 Nf6 4. d4 c6 5. c4 Qa5+ 6. Nc3 Bg4 7. h3 Bh5 8. Bd2 Qc7 9. Be2 e6 10. 0-0 Bd6 11. Rc1 0-0 12. Nh4 Bxe2 13. Qxe2 Bf4 14. Bxf4 Qxf4 15. Nf3 Nbd7 16. Rfd1 Rfe8 17. Qd2 Qf5 18. Qg5 Qxg5 19. Nxg5 Rad8 20. Nf3 h6 21. b4 e5 22. dxe5 Nxe5 23. Nxe5 Rxd1+ 24. Rxd1 Rxe5 25. Kf1 Kf8 26. a3 Ke7 27. Rd2 g5 28. g3 h5 29. Rd4 b6 30. Rd2 Ne8 31. Re2 Rxe2 32. Kxe2 Nd6 33. Kd3 f5 34. f4 gxf4 35. gxf4 Ke6 36. Ne2 c5 37. b5 h4 38. Ng1 Ne4 39. Ke3 Nd6 40. Kd3 1/2-1/2

[Event "Vojvodina-chT2"]
[Site "Vrbas"]
[Date "2011.09.26"]
[Round "3"]
[White "Pezelj, Sinisa"]
[Black "Zobenica, Ivan"]
[Result "1-0"]
[WhiteElo "2146"]
[BlackElo "2034"]
[PlyCount "91"]
[EventDate "2011.09.25"]
[EventType "team-tourn"]
[EventRounds "11"]
[EventCountry "SRB"]
[SourceTitle "CBM 144 Extra"]
[Source "ChessBase"]
[SourceDate "2011.10.28"]
[SourceVersion "1"]
[SourceVersionDate "2011.10.28"]
[SourceQuality "1"]

1. c4 d6 2. Nc3 c6 3. d4 Nd7 4. Nf3 e5 5. e4 Ngf6 6. h3 Be7 7. Be2 0-0 8. 0-0 Qc7 9. Be3 Rd8 10. Rc1 Nf8 11. d5 c5 12. Ne1 Ng6 13. Nd3 a6 14. f4 exf4 15. Nxf4 Nd7 16. Bh5 Nde5 17. Nce2 Qa5 18. a3 b5 19. Bd2 Qb6 20. b3 a5 21. Ng3 Ba6 22. Nf5 Ra7 23. Be2 Rb8 24. b4 axb4 25. axb4 Bg5 26. bxc5 dxc5 27. cxb5 Nxf4 28. bxa6 c4+ 29. Kh1 Nxe2 30. Qxe2 Bxd2 31. Qxd2 Rxa6 32. Ne3 Rc8 33. Rb1 Qa7 34. Qc3 f6 35. Nf5 g6 36. Nh6+ Kg7 37. Ng4 Ra3 38. Ra1 Ra8 39. Rxa3 Qxa3 40. Qd4 Qd3 41. Qf2 Nxg4 42. hxg4 Ra6 43. e5 Qxd5 44. exf6+ Kf7 45. Qf4 Ra2 46. Qc7+ 1-0

[Event "Vojvodina-chT2"]
[Site "Vrbas"]
[Date "2011.09.25"]
[Round "1"]
[White "Pezelj, Sinisa"]
[Black "Medar, Zeljko"]
[Result "0-1"]
[WhiteElo "2146"]
[BlackElo "2219"]
[PlyCount "66"]
[EventDate "2011.09.25"]
[EventType "team-tourn"]
[EventRounds "11"]
[EventCountry "SRB"]
[SourceTitle "CBM 144 Extra"]
[Source "ChessBase"]
[SourceDate "2011.10.28"]
[SourceVersion "1"]
[SourceVersionDate "2011.10.28"]
[SourceQuality "1"]

1. Nf3 Nf6 2. c4 d6 3. d4 c6 4. Nc3 Bg4 5. e4 Nbd7 6. Be2 e5 7. 0-0 Be7 8. Be3 Qc7 9. Rc1 0-0 10. h3 Bh5 11. Nd2 Bxe2 12. Qxe2 Rfe8 13. f4 exd4 14. Bxd4 Bf8 15. Qf3 Re7 16. g4 Qa5 17. g5 Ne8 18. Qg4 a6 19. b4 Qxb4 20. Rb1 Qa5 21. Rxb7 Ne5 22. fxe5 Rxb7 23. e6 Qd8 24. Nf3 g6 25. Ne2 Qc8 26. Nf4 Ng7 27. exf7+ Rxf7 28. Qh4 Ne6 29. Bf6 Nxf4 30. Qxf4 Rb8 31. e5 Qe6 32. Nd4 dxe5 33. Qe4 Bc5 0-1